Najwybitniejsi polscy sportowcy - ZDJĘCIA - Statystyki

Ogólne statystyki
  • Ten quiz został rozwiązany 933 razy
  • Średni wynik to 11 z 24
Statystyki odpowiedzi
Obrazkowy Odpowiedź % Poprawnych
Adam Małysz
98%
Robert Lewandowski
98%
Robert Kubica
96%
Kamil Stoch
92%
Bartosz Kurek
91%
Zbigniew Boniek
89%
Justyna Kowalczyk
85%
Anita Włodarczyk
77%
Irena Szewińska
60%
Mariusz Wlazły
58%
Robert Korzeniowski
55%
Tomasz Majewski
48%
Otylia Jędrzejczak
39%
Tomasz Gollob
39%
Paweł Nastula
20%
Leszek Blanik
19%
Jerzy Kulej
15%
Ryszard Szurkowski
12%
Janusz Kusociński
9%
Halina Konopacka
8%
Waldemar Baszanowski
7%
Tomasz Wójtowicz
6%
Andrzej Wroński
4%
Jerzy Pawłowski
4%
Nie znaleziono quizów pasujących do podanych kryteriów
Rozkład punktacji
Procent ludzi z każdym wynikiem
Percentyl według liczby udzielonych odpowiedzi
Twoja historia wyników
Nie rozwiązałeś tego quizu